000 00574nam a2200193 a 4500
001 000011938
005 20240412074229.0
008 091102s1996 dr r 000 p spa d
040 _aDO-SdBNP
_bspa
_cBNPHU
082 _aRD861.44
_bM539m
100 1 _aMendoza, Rafael
_928217
245 1 0 _aMemorias del amor /
_cRafael Mendoza.
260 _aSanto Domingo :
_bBetel,
_c1996.
300 _a165 p. ;
_c20 cm.
590 _aInventariado, 2018/BT
650 0 _aPoesía dominicana
_966
650 0 _aLiteratura dominicana.
_967
910 _aValidado. Control de calidad. MMOLINA
999 _c11608
_d11608